000
00367nam a2200133Ia 4500
008
230312s9999||||xx |||||||||||||| ||und||
082
_a
891.4
_b
NAE-K
100
_a
سید محمد نعیم الدین
245
0
_a
کنزُالایمان فی تر جمتہ القرآن
260
_b
دارالقرآن
_a
pak
300
_a
1132
650
_a
Literature
942
_c
BK
999
_c
14564
_d
14564